000 00523nam a22001817a 4500
005 20251108175012.0
008 250721s2011 xx 000 0 ara d
082 1 4 _a939.703/سعد
100 1 _aأبو سعدة، حسام
245 1 0 _aحضارة قرطاجنة /
264 1 _aالقاهرة :
_bمكتبة النافذة،
_c2011.
300 _a157ص.
650 1 7 _aتاريخ تونس القديم
650 1 7 _aقرطاجية 439-814ق.م
650 1 7 _aالفنيقية
942 _2ddc
_cBK
999 _c123631
_d123631